STILL MORE TELL ME WHY (Record no. 366987)

MARC details
000 -LEADER
fixed length control field 00359nam a2200145Ia 4500
008 - FIXED-LENGTH DATA ELEMENTS--GENERAL INFORMATION
fixed length control field 100122s9999 xx 000 0 und d
082 ## - DEWEY DECIMAL CLASSIFICATION NUMBER
Item number 22518
Classification number 32
100 ## - MAIN ENTRY--PERSONAL NAME
Personal name LEOKUM ARKADY
245 ## - TITLE STATEMENT
Title STILL MORE TELL ME WHY
260 ## - PUBLICATION, DISTRIBUTION, ETC. (IMPRINT)
Name of publisher, distributor, etc ODHAMS BOOKS
Date of publication, distribution, etc 1973
300 ## - PHYSICAL DESCRIPTION
Extent 395
630 ## - SUBJECT ADDED ENTRY--UNIFORM TITLE
Uniform title STILL MORE TELL ME WHY
730 ## - ADDED ENTRY--UNIFORM TITLE
Uniform title STILL MORE TELL ME WHY
942 ## - ADDED ENTRY ELEMENTS (KOHA)
Koha item type Book
Holdings
Withdrawn status Lost status Damaged status Not for loan Home library Current library Date acquired Cost, normal purchase price Total Checkouts Full call number Barcode Date last seen Cost, replacement price Price effective from Koha item type Public note
        S.V. Pathak Library, Vile Parle S.V. Pathak Library, Vile Parle 09/30/1975 30.00   22518 SVPPARLE-22518 01/25/2010 30.00 01/25/2010 Book ", , General, NA"